| 000 | 00450nam a2200157Ia 4500 | ||
|---|---|---|---|
| 008 | 170224s9999 xx 000 0 und d | ||
| 100 | _aAmit Pinchevski | ||
| 245 | _aAutism and new media: Disability between technology and society | ||
| 245 | _cAmit Pinchevski, John Durham Peters | ||
| 260 | _bNew Media & Society | ||
| 260 | _cDecember | ||
| 300 | _a18:11 | ||
| 500 | _aDecember | ||
| 650 | _xCommunication Arts | ||
| 650 | _xMultimedia Arts | ||
| 999 |
_c316181 _d316181 |
||